000
00298 a2200145 4500
001
169526
020
_a
040
_c
Magnum
100
_a
Visca, Jorge
240
1
0
_a
Clinica psicopedagogica
_l
por
245
1
0
_a
Clinica psicopedagogica
362
0
_a
1899
697
_a
PSICOLOGIA
942
_c
BK
999
_c
169526
_d
169526